000 00278nam a22001217a 4500
020 _aNA
082 _222
_a658.403
100 _aForgang, William G.
245 _aStrategy specific decision making /
260 _bPrentice Hall,
_cc2004.
300 _a0
_bill. ;
942 _2ddc
_cMAG
999 _c4309
_d4309